Punjab through the ages, vol.3 (Record no. 511080)

000 -LEADER
fixed length control field 00515nam a22001577a 4500
020 ## - INTERNATIONAL STANDARD BOOK NUMBER
International Standard Book Number 8176257389
082 ## - DEWEY DECIMAL CLASSIFICATION NUMBER
Classification number A6x5433 B179p\3
245 ## - TITLE STATEMENT
Title Punjab through the ages, vol.3
Statement of responsibility, etc edited by S.R. Bakshi and Rashmi Pathak
260 ## - PUBLICATION, DISTRIBUTION, ETC. (IMPRINT)
Place of publication, distribution, etc New Delhi
Name of publisher, distributor, etc Sarup
Date of publication, distribution, etc 2007
300 ## - PHYSICAL DESCRIPTION
Extent 502p.
440 ## - SERIES STATEMENT/ADDED ENTRY--TITLE
Title Studies in comtemporary Indian history
9 (RLIN) 10127
650 ## - SUBJECT ADDED ENTRY--TOPICAL TERM
Topical term or geographic name as entry element Punjab (India) -- History
9 (RLIN) 10241
650 ## - SUBJECT ADDED ENTRY--TOPICAL TERM
Topical term or geographic name as entry element Punjab (India) -- Politics and government
9 (RLIN) 10242
700 ## - ADDED ENTRY--PERSONAL NAME
Personal name Bakshi, S.R.
9 (RLIN) 10128
700 ## - ADDED ENTRY--PERSONAL NAME
Personal name Pathak, Rashmi
9 (RLIN) 10129
Holdings
Withdrawn status Lost status Source of classification or shelving scheme Damaged status Koha normalized classification for sorting Not for loan Permanent location Current location Date acquired Total Checkouts Full call number Barcode Date last seen Date last borrowed Price effective from Koha item type
        A_6X5433_B179P3   Indian Institute of Public Administration Indian Institute of Public Administration 2019-09-11 1 A6x5433 B179p\3 88171 2019-09-23 2019-09-12 2019-09-11 Book

Powered by Koha